000 01092nam a2200301 a 4500
001
003 DO-SdBNP
005 20210607102144.0
007
008 091202s1988 dr 000 0 spa d
040 _aBPMSU
_bspa
_cBPMSU
082 4 _aRD868.42
_bH519o 1980
_222
100 1 _aHenríquez Ureña, Pedro,
_d1884 -1946
245 1 0 _aObra dominicana /
_cPedro Henríquez Ureña ; prólogo Juan Jacobo de Lara ; edición José Chez Checo
260 _aSanto Domingo :
_bSociedad Dominicana de Bibliófilos,
_c1988
300 _a567 p. ;
_c23 cm.
490 0 _aSociedad Dominicana de Bibliófilos;
_aCultura dominicana
500 _aIncluye referencias bibliográficas y notas al pie de las páginas
590 _6Inventariado, 2021/VM
600 1 4 _aHenríquez Ureña, Pedro
_d1884 -1946
_xColecciones de escritos
650 4 _aEnsayos dominicanos
650 4 _aLiteratura dominicana
_xHistoria y crítica
651 4 _aRepública Dominicana
_xCivilización
700 1 _aJacobo de Lara, Juan
_epról.
700 1 _aChez Checo, José
_eed.
910 _aVMateo
942 _2ddc
_cBK
999 _c13555
_d13555